00772cam a2200253ua 450000500170000000800390001702000180005604000180007404100080009208200170010010000290011724500980014625000120024426000330025630000100028965000220029965000300032165000210035165300220037265300510039465300220044570000270046770000240049420201205153154.0190730n ii |||gr||||Z||||||asm a9789387956759 cMAINaIN-DiNC dasm a320.954bGOG aGogoi, Purandar eauthor aSangbidhanik sarkar aru bharatiya ganatantra /cBy Purandar Gogoi, Mridul Dutta and Nita Paul a1st ed. aDibrugarh:bBanalata,c2019. a380p. aPolitical science aConstitutional government aIndian democracy aPolitical science aConstitutional government and Indian democracy aIndian government aDutta, Mridul eauthor a Paul, Nitaeauthor